Catálogo
Digital

Catálogo
Digital

Un enfoque práctico de la metodología de la investigación científica (Record no. 14486)

MARC details
000 -CABECERA
campo de control de longitud fija 02714nam a2200337 4500
003 - IDENTIFICADOR DEL NÚMERO DE CONTROL
campo de control EC-UNACH
006 - CÓDIGOS DE INFORMACIÓN DE LONGITUD FIJA--CARACTERÍSTICAS DEL MATERIAL ADICIONAL
campo de control de longitud fija s||||gr|||| 00| 00
008 - DATOS DE LONGITUD FIJA--INFORMACIÓN GENERAL
campo de control de longitud fija 150116t9999 mx r gr 000 0 spa d
020 ## - NÚMERO INTERNACIONAL ESTÁNDAR DEL LIBRO
Número Internacional Estándar del Libro 978-9942-584-15-1
040 ## - FUENTE DE LA CATALOGACIÓN
Centro catalogador/agencia de origen EC-UNACH
Centro/agencia transcriptor EC-UNACH
041 ## - CÓDIGO DE LENGUA
Código de lengua del texto/banda sonora o título independiente spa
082 04 - NÚMERO DE LA CLASIFICACIÓN DECIMAL DEWEY
Número de edición 23
Número de clasificación 001.42
Número de documento/Ítem L018624
100 ## - ENTRADA PRINCIPAL--NOMBRE DE PERSONA
Nombre de persona Quispe Fernandez, Gabith Miriam / Ayaviri Nina, Víctor Dante
245 ## - MENCIÓN DE TÍTULO
Título Un enfoque práctico de la metodología de la investigación científica
250 ## - MENCIÓN DE EDICIÓN
Mención de edición Primera edición
264 ## - Producción, publicación, distribución, fabricación y copyright
Lugar de producción, publicación, distribución, fabricación Riobamba - Ecuador
Nombre del de productor, editor, distribuidor, fabricante Universidad Nacional de Chimborazo
Fecha de de producción, publicación, distribución, fabricación o copyright 2025
264 ## - Producción, publicación, distribución, fabricación y copyright
Lugar de producción, publicación, distribución, fabricación Producción UNACH
300 ## - DESCRIPCIÓN FÍSICA
Extensión 178 páginas
Otras características físicas Figuras, tablas
501 ## - NOTA DE "CON"
Nota de “Con” La investigación se encuentra en el diario vivir de las personas, sin embargo, para que esta sea científica debe seguir ciertos pasos, es por ello la importancia de la metodología. En ese contexto, el libro presenta la aplicación práctica- metodológica del proceso de la investigación científica para proponer posibles soluciones a un problema de investigación en el área social, económica, administrativa, entre otras, bajo un enfoque integrador. Como metodología, se consideró el método deductivo e inductivo, la revisión bibliográfica, sistematizada y participativa. Los resultados muestran que es importante seguir una secuencia ordenada en el proceso de la investigación científica. La aplicación de la teoría a la práctica implica un esfuerzo mental, analítico y sistemático de los pasos o fases, las posibles soluciones a un problema solo se darán en función al proceso de la investigación científica. Se concluye que la solución o posibles soluciones a un problema de la realidad están relacionadas a la aplicación rigurosa del proceso de la investigación científica, sin dejar de considerar el enfoque de la investigación que puede ser cuantitativo, cualitativo o mixto.
505 ## - NOTA DE CONTENIDO CON FORMATO
Nota de contenido con formato Capítulo 1: El proceso y diseño de la investigación científica. Problema, objetivos e hipótesis -- Capítulo 2: Estado de arte y marco teórico -- Capítulo 3: Marco metodológico -- Capítulo IV: Resultados, discusión, conclusiones y recomendaciones en la investigación -- Capítulo 5: Introducción, resumen e informe de investigación científica
650 ## - PUNTO DE ACCESO ADICIONAL DE MATERIA--TÉRMINO DE MATERIA
Término de materia o nombre geográfico como elemento inicial METODOLOGÍA
650 ## - PUNTO DE ACCESO ADICIONAL DE MATERIA--TÉRMINO DE MATERIA
Término de materia o nombre geográfico como elemento inicial INVESTIGACIÓN
650 ## - PUNTO DE ACCESO ADICIONAL DE MATERIA--TÉRMINO DE MATERIA
Término de materia o nombre geográfico como elemento inicial MÉTODO
650 ## - PUNTO DE ACCESO ADICIONAL DE MATERIA--TÉRMINO DE MATERIA
Término de materia o nombre geográfico como elemento inicial PROBLEMA
650 ## - PUNTO DE ACCESO ADICIONAL DE MATERIA--TÉRMINO DE MATERIA
Término de materia o nombre geográfico como elemento inicial RESULTADOS
856 ## - LOCALIZACIÓN Y ACCESO ELECTRÓNICOS
Identificador Uniforme del Recurso <a href="https://editorial.unach.edu.ec/index.php/Editorial/catalog/book/278">https://editorial.unach.edu.ec/index.php/Editorial/catalog/book/278</a>
Texto de enlace Libro Digital - Un enfoque práctico de la metodología de la investigación científica
942 ## - ELEMENTOS DE PUNTO DE ACCESO ADICIONAL (KOHA)
Fuente del sistema de clasificación o colocación Clasificación Decimal Dewey
Tipo de ítem Koha Libro electrónico
999 ## - NÚMEROS DE CONTROL DE SISTEMA (KOHA)
Koha biblionumber 14486
Holdings
Estado de pérdida Fuente del sistema de clasificación o colocación Estado dañado No para préstamo Localización permanente Ubicación/localización actual Ubicación en estantería Fecha de adquisición Fuente de adquisición Total de préstamos Signatura topográfica completa Código de barras Fecha visto por última vez Número de copia Precio válido a partir de Tipo de ítem Koha Centro de costos
  Clasificación Decimal Dewey     Biblioteca Campus Norte Biblioteca Campus Norte Economía 02/04/2026 Producción Científica UNACH   001.42 QUI L018624 L018624 02/04/2026 Ejemplar: 01 02/04/2026 Libro electrónico  

Powered by Koha